|
|
|
|
| LEADER |
00590nam a22001697a 4500 |
| 999 |
|
|
|c 143866
|d 143866
|
| 020 |
|
|
|a 9789383903122
|
| 082 |
|
|
|a M301 07
|b JAY/M
|
| 100 |
|
|
|a Jayaseelan P R
|
| 245 |
|
|
|a Mundoor Krishnankutty adrishyasannidyam/
|c by Jayaseelan P R
|
| 260 |
|
|
|a Thiruvananthapuram:
|b Chintha Publishers,
|c 2019.
|
| 300 |
|
|
|a 136p.
|
| 650 |
|
|
|a Stories Malayalam Study
|
| 650 |
|
|
|a Literature Malayalam
|
| 650 |
|
|
|a Literature
|
| 942 |
|
|
|c BK
|
| 952 |
|
|
|0 0
|1 0
|4 0
|6 M_301_070000000000000_JAY_M
|7 0
|9 100751
|a SSUS
|b SSUS
|c STACKS
|d 2019-11-13
|g 150.00
|o M301 07 JAY/M
|p 097469
|r 2019-11-13
|w 2019-11-13
|y BK
|